TUJUAN HIDUP / (Record no. 203481)
[ view plain ]
| 000 -LEADER | |
|---|---|
| fixed length control field | 00974nam a2200289 i 4500 |
| 003 - CONTROL NUMBER IDENTIFIER | |
| control field | OSt |
| 005 - DATE AND TIME OF LATEST TRANSACTION | |
| control field | 20260319085247.0 |
| 008 - FIXED-LENGTH DATA ELEMENTS--GENERAL INFORMATION | |
| fixed length control field | 260319s2025 my grb 000 0 may d |
| 020 ## - INTERNATIONAL STANDARD BOOK NUMBER | |
| International Standard Book Number | 9789670037776 |
| Terms of availability | RM 35.00 |
| Qualifying information | paperback |
| 040 ## - CATALOGING SOURCE | |
| Original cataloging agency | PPAK |
| Language of cataloging | eng |
| Transcribing agency | PPAK |
| Description conventions | rda |
| 041 1# - LANGUAGE CODE | |
| Language code of text/sound track or separate title | may |
| Language code of original | ara |
| 082 00 - DEWEY DECIMAL CLASSIFICATION NUMBER | |
| Edition number | 23 |
| Classification number | 297.57 |
| 090 00 - LOCALLY ASSIGNED LC-TYPE CALL NUMBER (OCLC); LOCAL CALL NUMBER (RLIN) | |
| Classification number (OCLC) (R) ; Classification number, CALL (RLIN) (NR) | 297.57 |
| Feature heading | MUT |
| Feature heading | G |
| 100 1# - MAIN ENTRY--PERSONAL NAME | |
| Personal name | Mutahhari, Murtada, |
| Dates associated with a name | 1920-1979. |
| Relator term | author. |
| 245 10 - TITLE STATEMENT | |
| Title | TUJUAN HIDUP / |
| Statement of responsibility, etc. | Murtada Mutahhari ; Penterjemah Sheikh al-Saggaf |
| 264 #1 - PRODUCTION, PUBLICATION, DISTRIBUTION, MANUFACTURE, AND COPYRIGHT NOTICE | |
| Place of production, publication, distribution, manufacture | Kuala Lumpur : |
| Name of producer, publisher, distributor, manufacturer | IBDE Ilham Sdn. Bhd., |
| Date of production, publication, distribution, manufacture, or copyright notice | 2025 |
| 300 ## - PHYSICAL DESCRIPTION | |
| Extent | 94 pages ; |
| Dimensions | 23 cm |
| 336 ## - CONTENT TYPE | |
| Content type term | text |
| Source | rdacontent |
| 337 ## - MEDIA TYPE | |
| Media type term | unmediated |
| Source | rdamedia |
| 338 ## - CARRIER TYPE | |
| Carrier type term | volume |
| Source | rdacarrier |
| 500 ## - GENERAL NOTE | |
| General note | Contains verses from the Qur'an and quotes from the Hadith.<br/><br/> |
| 650 10 - SUBJECT ADDED ENTRY--TOPICAL TERM | |
| Topical term or geographic name entry element | Muslims |
| General subdivision | Conduct of life |
| Topical term or geographic name entry element | Religious life |
| General subdivision | Islam |
| 700 0# - ADDED ENTRY--PERSONAL NAME | |
| Personal name | Sheikh al-Saggaf, |
| Relator term | translator. |
| 765 0# - ORIGINAL LANGUAGE ENTRY | |
| Title | Hadaf-e Zendegi |
| Main entry heading | Mutahhari, Murtada, |
| 942 ## - ADDED ENTRY ELEMENTS (KOHA) | |
| Source of classification or shelving scheme | Dewey Decimal Classification |
| Koha item type | Book |
| Withdrawn | Not for loan | Current library | Shelving location | Date acquired | Total Checkouts | Full call number | Barcode | Date last seen | Koha item type |
|---|---|---|---|---|---|---|---|---|---|
| Perpustakaan Alor Setar | Pinjaman Dewasa | 31/03/2026 | 297.57 MUT | A01912223 | 31/03/2026 | Book | |||
| Perpustakaan Awam Sungai Petani | Pinjaman Dewasa | 31/03/2026 | 297.57 MUT | A01912224 | 31/03/2026 | Book | |||
| Perpustakaan Baling | Pinjaman Dewasa | 31/03/2026 | 297.57 MUT | A01912228 | 31/03/2026 | Book | |||
| Perpustakaan Bandar Baharu | Pinjaman Dewasa | 31/03/2026 | 297.57 MUT | A01912229 | 31/03/2026 | Book | |||
| Perpustakaan Jitra | Pinjaman Dewasa | 31/03/2026 | 297.57 MUT | A01912225 | 31/03/2026 | Book | |||
| Perpustakaan Kulim | Pinjaman Dewasa | 31/03/2026 | 297.57 MUT | A01912227 | 31/03/2026 | Book | |||
| Perpustakaan Langkawi | Pinjaman Dewasa | 31/03/2026 | 297.57 MUT | A01912226 | 31/03/2026 | Book |